书目信息 |
| 题名: |
古代百科学术与中国思想的发展
|
|
| 作者: | 蒋广学 主编 | |
| 分册: | ||
| 出版信息: | 南京 南京大学出版社 2010 |
|
| 页数: | 481页 | |
| 开本: | 23cm | |
| 丛书名: | ||
| 单 册: | ||
| 中图分类: | B215 | |
| 科图分类: | ||
| 主题词: | 学术思想--思想史--研究--中国--古代 , 学术思想 | |
| 电子资源: | ||
| ISBN: | 978-7-305-06795-2 | |
| 000 | 00922nam0 2200241 45 | |
| 001 | 1355700639 | |
| 005 | 20130515144112.98 | |
| 010 | @a978-7-305-06795-2@dCNY63.00 | |
| 100 | @a20130108d2010 em y0chiy0110 ea | |
| 101 | 0 | @achi |
| 102 | @aCN@b320000 | |
| 105 | @ay z 000yy | |
| 106 | @ar | |
| 200 | 1 | @a古代百科学术与中国思想的发展@AGu Dai Bai Ke Xue Shu Yu Zhong Guo Si Xiang De Fa Zhan@f蒋广学主编@FJiang Guang Xue Zhu Bian |
| 210 | @a南京@c南京大学出版社@d2010 | |
| 215 | @a481页@d23cm | |
| 330 | @a本书从不同学科的主要理论(或研究方法)与人学思想的交叉发展中,探讨中国思想发展的轨迹,以及随着东传的西学与近代改良、革命、文化思潮的交互作用,在何者为人以及如何做人的问题上,不断地向近代转型。 | |
| 606 | 0 | @a学术思想@x思想史@x研究@y中国@z古代 |
| 606 | 0 | @a学术思想 |
| 690 | @aB215@v5 | |
| 701 | 0 | @a蒋广学@AJiang Guang Xue@f(1940~)@4主编 |
| 801 | @aCN@bTANGWEI@c20130111 | |
| 905 | @b0831707-11@dB215@e141@f5 | |
| 古代百科学术与中国思想的发展/蒋广学主编.-南京:南京大学出版社,2010 |
| 481页;23cm |
| ISBN 978-7-305-06795-2:CNY63.00 |
| 本书从不同学科的主要理论(或研究方法)与人学思想的交叉发展中,探讨中国思想发展的轨迹,以及随着东传的西学与近代改良、革命、文化思潮的交互作用,在何者为人以及如何做人的问题上,不断地向近代转型。 |
| ● |
| 相关链接 |
|
|
|
|
正题名:古代百科学术与中国思想的发展
索取号:B215/141
 
预约/预借
| 序号 | 登录号 | 条形码 | 馆藏地/架位号 | 状态 | 备注 |
| 1 | 0831707 | 208317070 | 第一样本阅览室/ [索取号:B215/141] | 在馆 | |
| 2 | 0831708 | 208317089 | 第一借阅区/ [索取号:B215/141] | 在馆 | |
| 3 | 0831709 | 208317098 | 第一借阅区/ [索取号:B215/141] | 在馆 | |
| 4 | 0831710 | 208317105 | 第一借阅区/ [索取号:B215/141] | 在馆 | |
| 5 | 0831711 | 208317114 | 第一借阅区/ [索取号:B215/141] | 在馆 |